| 000 | 00554nam a2200193Ia 4500 | ||
|---|---|---|---|
| 003 | GCL | ||
| 005 | 20240530102203.0 | ||
| 008 | 140319s9999 xx 000 0 ara d | ||
| 040 |
_aGCL / _cGCL |
||
| 082 | 0 | 4 |
_a319.3 _bع ا |
| 245 | _a0000000000 | ||
| 260 |
_a[S.N] : _bالهيئة المصرية العامة للكتاب ، _c1985 |
||
| 300 | _a314 ص | ||
| 650 | 0 | 4 | _aالعالم العربى |
| 650 | 0 | 4 | _aالمذاهب السياسية |
| 650 | 0 | 4 | _aالنقد الاسلامى |
| 650 | 0 | 4 | _aالاسلام السياسى |
| 942 |
_2ddc _cBK |
||
| 999 |
_c30419 _d30419 |
||